Mapa de Cercanías Madrid - Estadísticas

Estadísticas generales
  • Esta prueba ha sido intentada 5.784 veces
  • La puntuación promedio es 52 de 95
Respuestas en el mapa
Las respuestas están codificadas por una escala verde-roja en el mapa de la prueba según el % correcto abajo.
 
Estadísticas de respuestas
Estación % Correcto
Atocha
95%
Chamartín Clara Campoamor
90%
Sol
89%
Nuevos Ministerios
88%
Móstoles
85%
Alcalá de Henares
81%
Parla
80%
Principe Pío
79%
Fuenlabrada
77%
Guadalajara
77%
Alcobendas San Sebastián de los Reyes
75%
Leganés
75%
Alcorcón
74%
Aranjuez
74%
Recoletos
74%
Méndez Álvaro
73%
Villaverde Alto
73%
Villaverde Bajo
72%
Cercedilla
71%
Las Rozas
71%
Vallecas
70%
Humanes
68%
Pinto
68%
Aeropuerto T4
66%
Coslada
65%
Torrejón de Ardoz
65%
El Escorial
64%
Valdemoro
64%
Colmenar Viejo
63%
Pitis
63%
Embajadores
61%
Pirámides
61%
Pozuelo
61%
Aluche
59%
Majadahonda
59%
Móstoles-El Soto
59%
Vicálvaro
59%
Villalba
59%
El Pozo
58%
San Fernando de Henares
58%
Tres Cantos
58%
Cotos
57%
Delicias
57%
Cantoblanco Universidad
55%
Getafe Industrial
55%
Aravaca
54%
Fuencarral
54%
Meco
54%
Getafe Centro
53%
Santa Eugenia
53%
Azuqueca
52%
Asamblea de Madrid-Entrevías
51%
Getafe Sector 3
51%
Las Margaritas Universidad
51%
Orcasitas
51%
Laguna
50%
Mirasierra-Paco de Lucía
50%
Ciempozuelos
49%
Cuatro Vientos
49%
Fuente de la Mora
49%
Zarzaquemada
49%
Doce de Octubre
48%
El Casar
48%
Ramón y Cajal
48%
Valdebebas
48%
Torrelodones
47%
Galapagar-La Navata
45%
Puerto de Navacerrada
45%
La Garena
44%
Las Matas
44%
Alcalá de Henares Universidad
42%
Las Águilas
42%
El Goloso
41%
Las Retamas
41%
Pinar de Las Rozas
41%
Fanjul
40%
San Cristóbal Industrial
40%
Parque Polvoranca
39%
San José de Valderas
39%
La Serna
38%
Soto del Henares
38%
El Barrial-Centro Comercial
37%
Puente Alcocer
37%
San Cristóbal de los Ángeles
37%
Alpedrete
34%
Collado Mediano
34%
Universidad Pontificia Comillas
33%
Valdelasfuentes
33%
Las Zorreras
31%
Los Molinos
31%
Santa María de la Alameda-Peguerinos
30%
San Yago
29%
Los Negrales
28%
Robledo de Chavela
26%
Zarzalejo
23%
No se encontraron pruebas coincidentes
Distribución de puntuación
Porcentaje de gente con cada puntuación
Porcentaje por número respondido
Historial de tus puntuaciones
No has intentado esta prueba.